000 01078naa a22003137a 4500
001 BR8107572
003 BR-BrBNA
005 20240918175052.0
007 ta
008 230509b bl.||||| |||| 00| 0 por d
040 _aBR-BrBNA
_bpor
_cBiblioteca Nacional de Agricultura
041 _a(Pt)
072 _aE70
_b/G514
_bGZ65
090 _aE70 BR8107572
100 1 _aAbdou, A.A.
100 1 _aLeiner, J.
111 1 _a1. Seminario Nacional de Hidrovias
_cCuritiba, PR (Brazil)
_d27-30 Apr 1981
245 1 _aTransporte fluvial nos rios Tiete e Pinheiros [navegacao, Sao Paulo, Brasil]
260 3 _aCuritiba, PR (Brasil):
_c1981.
500 _aAnais do 1. Seminario Nacional de Hidrovias Curitiba, PR (Brasil): 1981. p. 225-233 (BR8107572-AM)E70
650 _aTRANSPORTE FLUVIAL
650 _aNAVEGACAO
650 _aRIO TIETE
650 _aRIO PINHEIROS
650 _aSAO PAULO
773 0 _tAnais do 1. Seminario Nacional de Hidrovias
_wE70 BR8107572
_gCuritiba, PR (Brasil), 1981. p. 225-233
909 _a202404
_bLucia
_c55
_dLucia Elande
942 _cAM
_2AGRIS
999 _c314836
_d314836